Movies Quiz

Random Movies or Animation Quiz
Score 0/20 Timer 05:00
3 Plays Today
% Correct
Robin Hood
94.6%
The Incredibles
93.8%
Frozen
92.6%
Lady and the Tramp
92.3%
The Lion King
92.2%
Madagascar
91.8%
Bambi
89.6%
How to Train Your Dragon
88.7%
A Bug's Life
88.3%
One Hundred and One Dalmatians
88.2%
% Correct
The Sword in the Stone
87.8%
Rango
86.2%
Turbo
80.5%
Hotel Transylvania
80.4%
Fantastic Mr. Fox
80.4%
The Many Adventures of Winnie The Pooh
79.8%
The Secret Life of Pets
78.5%
Coraline
77.4%
Spirited Away
76.6%
The Peanuts Movie
75.1%
Remove Ads.
Support Sporcle.
Get the best of Sporcle when you Go Orange. This ad-free experience offers more features, more stats, and more fun while also helping to support Sporcle. Thank you for becoming a member.

You're not logged in!

Compare scores with friends on all Sporcle quizzes.
OR
Log In

Show Comments

Extras

Top Quizzes Today


Score Distribution

Your Account Isn't Verified!

In order to create a playlist on Sporcle, you need to verify the email address you used during registration. Go to your Sporcle Settings to finish the process.

Report this User

Report this user for behavior that violates our Community Guidelines.

Details: